Statistics for Biggest Cities in the World by Different Populations

Click here to take the quiz!

General Stats

  • This quiz has been taken 15 times
  • The average score is 24 of 30

Answer Stats

City% Correct
21.7 mBeijing
92%
16.7 mDelhi
92%
30.3 mDelhi
92%
29.0 mDelhi
92%
20.8 mMexico City
92%
23.0 mMexico City
92%
19.3 mNew York City
92%
46.7 mGuangzhou
85%
14.4 mGuangzhou
85%
15.0 mIstanbul
85%
33.4 mJakarta
85%
31.3 mJakarta
85%
14.9 mKarachi
85%
21.0 mLagos
85%
25.7 mManila
85%
24.4 mMumbai
85%
25.1 mMumbai
85%
22.4 mSão Paulo
85%
21.7 mSão Paulo
85%
24.1 mShanghai
85%
33.6 mShanghai
85%
40.4 mTokyo
85%
37.2 mTokyo
85%
19.3 mOsaka
69%
25.5 mSeoul
69%
24.8 mSeoul
69%
16.0 mChengdu
54%
30.1 mChongqing
54%
14.3 mDhaka
54%
15.5 mTianjin
54%

Score Distribution

Percentile by Number Answered

Percent of People with Each Score

Your Score History

You have not taken this quiz